000 00769nam a2200289Ia 4500
001 3419
003 IT-RoPAU
008 130308s9999 xx 000 0 und d
040 _aIT-RoPAU
040 _cIT-RoPAU
041 _aITALIANO
100 _aMoscone Cesare
100 _gCodice Aut. SPICS: 3513
245 _aIn merito all'interpretazione del buon costume
245 _bContributi Alla riforma della Censura
250 _a1a ed.
260 _aROMA
260 _bAnica
260 _c1976 [1° Ed.:1976 - Ed.Ling.Originale:1976]
300 _a"2 p. (prefazione: no ; testo: 2 [pagine: 212-213])"
650 _aDIRITTO NELLA CINEMATOGRAFIA
650 _eCodice materia Spics: 4612
942 _cBK
957 _71
999 _c46803
_d46803
999 _bSI
999 _g1